=LDR 00000nam 2200000 4500 =001 INLIS000000000809749 =008 ###################################ind## =035 ##$$a 0010-0825000242 =245 ##$$a Potensi Laut Dan Samudra Kita / $c Iswanto =260 ##$$b PAKAR RAYA =020 ##$$a 9789795344108 =084 ##$$a 530 NTO p =082 ##$$a 530?